00667 2200229 4500001002100000005001700021008004100038020002200079035002400101040001200125082001400137084001800151090001800169245006800187250001100255260004200266300003700308504002500345650003400370850001200404990002100416INLIS00000000002467820170117081924.0  a978-602-1093-70-2 0010-011700000000178 aYOPDYOG 223a027.7 aDEP 027.7 Bun aDEP 027.7 Bun aBUNGA rampai perpustakaan perguruan tinggic/Sarwono...[et.all] aCet. 1 aYogyakartabLembaga Ladang Katac2016 axii, 140 hlm.b: ilus.c; 20 cm. aTermasuk bibliografi aPerpustakaan Perguruan Tinggi aYOPDYOG aCB-D.11/2016-679